00668nam a2200229Ia 4500003000900000008004100009040001300050040001300063041000800076100002800084245002300112250001200135260001000147260000900157300001100166300001200177490002500189490000600214942000700220999001700227952019400244IT-RoPAU120407s9999 xx 000 0 und d aIT-RoPAU cIT-RoPAU aita aDomenico Galati Ventura aVittorio G. Rossi. aRavenna aLongo c1967 a259 p. c21,5 cm a1. Rossi Vittorio G. v1 cBK c30709d30709 00102ddc406920_00000000000000071aPAULUSbPAULUSd2012-04-11l0o920.0r2012-04-11 00:00:00w2012-04-11yBKzInserito da: Anna In data: 07 agosto 2011 fondo: Via A.Severo 56 Progr:37180